00883nam a22002657a 4500999001500000001000500015003000900020005001700029008004100046020001500087040002800102082001800130100002600148245009700174250001200271260003800283300004400321500003200365504003900397650001300436700002200449700002000471942001200491952011400503 c7328d73284386BD-DhUAP20210119125957.0201125s1995 moua b 001 0 eng  a0697242501 aDLCcDLCdBD-DhUAPbEng00223 a590 HIC 1 aHickman, Cleveland P.10aIntegrated principles of zoology /cCleveland P. Hickman, Larry S. Roberts and Allan Larson. a9th ed. aDubuque :bWm. C. Brown, cc1995. avi, 71 pages :billustrations ;c29 cm. aStudent study art notebook. aIncludes bibliographies and index. 0aZoology.1 aRoberts, Larry S.1 aLarson, Allan.  2ddccBK 00102ddc4070aUAPCLbUAPCLcReserve Stacksd2021-01-19o590 HICp3010004402r2021-01-19t1w2021-01-19yBK